00546cam a22002051 4500001001300000003000400013005001700017008004100034010001700075035001900092040003700111042001200148050002000160082001100180100003300191245002800224260005400252300001900306999001500325af 48002106 DLC20260227110853.0820928s1944 be 000 0 fre c aaf 48002106  a(OCoLC)8814504 aNew York. Public Libr.cNcUdDLC apremarc00aPQ2625.A718bC3 a848.911 aMan, Hendrik de,d1885-1953.10aCahiers de ma montagne. a[Bruxelles]bÉditions de la Toison d'orc[1944] a244 p.c21 cm. c4869d4869